[Event "Sparkassen Open A"]
[Site "Dortmund GER"]
[Date "2010.07.23"]
[Round "7"]
[White "Wittenberg,A"]
[Black "Steinle,C"]
[Result "1-0"]
[WhiteElo "2143"]
[BlackElo "2151"]
[EventDate "2010.07.17"]

1. d4 Nf6 2. Nf3 b6 3. g3 Bb7 4. Bg2 c5 5. c4 cxd4 6. O-O g6 7. Qxd4 Bg7 8.
Nc3 O-O 9. Rb1 Ne4 10. Ne5 Nxc3 11. Qxc3 Bxg2 12. Kxg2 d6 13. Qf3 Na6 14.
Nd3 Rb8 15. Be3 Qd7 16. b3 Rfc8 17. Rfd1 Nc5 18. Bxc5 bxc5 19. Nf4 Rb7 20.
Rd3 a5 21. h4 a4 22. h5 Rcb8 23. hxg6 hxg6 24. Rh1 axb3 25. axb3 Qf5 26. g4
Qf6 27. Qg3 Qb2 28. Qh4 Rxb3 29. Rxb3 Rxb3 30. Qxe7 Rb8 31. e3 Qc2 32. Qxd6
Qe4+ 33. f3 Qe8 34. Nd5 Rb2+ 35. Kg3 Rb7 36. Qxc5 Qe6 37. Nf4 Qd7 38. Qd5
Qe8 39. Qxb7 1-0

[Event "Sparkassen Open A"]
[Site "Dortmund GER"]
[Date "2010.07.23"]
[Round "7"]
[White "Schiefelbusch,D"]
[Black "Kartsev,A2"]
[Result "0-1"]
[WhiteElo "2135"]
[BlackElo "2145"]
[EventDate "2010.07.17"]

1. d4 f5 2. Nf3 Nf6 3. c4 g6 4. Nc3 Bg7 5. e3 O-O 6. Be2 d6 7. O-O Qe8 8.
b4 e5 9. dxe5 dxe5 10. Bb2 c6 11. Qb3 h6 12. Rfd1 g5 13. Na4 Nbd7 14. c5+
Kh8 15. Nc3 e4 16. Nd4 Ne5 17. Rac1 f4 18. Re1 f3 19. gxf3 Qh5 20. Qd1 exf3
21. Nxf3 Nfg4 22. Rc2 Be6 23. Ne4 Rad8 24. Nd6 Nxf3+ 25. Bxf3 Qxh2+ 26. Kf1
Bc4+ 27. Nxc4 Rxd1 28. Bxg7+ Kxg7 29. Rxd1 Rxf3 30. Rd7+ Kg6 31. Rd6+ Kh5
32. Rcd2 Qh1+ 33. Ke2 Rxf2+ 34. Kd3 Qf1+ 35. Kc3 Qe1 36. Kb2 Rxd2+ 37. Rxd2
Nxe3 38. Rh2+ Kg6 39. Ne5+ Kg7 40. Nd3 Qd1 0-1

[Event "Sparkassen Open A"]
[Site "Dortmund GER"]
[Date "2010.07.23"]
[Round "7"]
[White "Aulich,M"]
[Black "Kartsev,So"]
[Result "0-1"]
[WhiteElo "2102"]
[BlackElo "2202"]
[EventDate "2010.07.17"]

1. e4 d5 2. exd5 Nf6 3. d4 Nxd5 4. c4 Nb6 5. Nf3 Bg4 6. c5 N6d7 7. Bc4 e6
8. O-O Nc6 9. Be3 Be7 10. Nc3 O-O 11. Be2 h6 12. Qd2 Nf6 13. Rfd1 Nd5 14.
Nxd5 Qxd5 15. h3 Bh5 16. b4 a6 17. Bf4 Rac8 18. Ne5 Bxe2 19. Nxc6 Qxc6 20.
Qxe2 Bf6 21. a4 Rfd8 22. Be5 Rd5 23. b5 axb5 24. axb5 Qd7 25. Bxf6 gxf6 26.
Ra7 Rb8 27. Qf3 Qxb5 28. Qg3+ Kh8 29. Qxc7 Rg8 30. Qxf7 Qb3 31. Qxf6+ Kh7
32. Rd3 Qb1+ 33. Kh2 Rf5 34. Qxe6 Qxd3 35. c6 Rxg2+ 36. Kxg2 Qf3+ 37. Kg1
Qxf2+ 38. Kh1 Qf1+ 39. Kh2 Rf2+ 40. Kg3 Rg2+ 0-1

[Event "Sparkassen Open A"]
[Site "Dortmund GER"]
[Date "2010.07.23"]
[Round "7"]
[White "Virnyi,J"]
[Black "Harff,M"]
[Result "0-1"]
[WhiteElo "2099"]
[BlackElo "2168"]
[EventDate "2010.07.17"]

1. e4 c5 2. Nf3 Nc6 3. c3 e6 4. d4 d5 5. exd5 exd5 6. Be3 cxd4 7. Nxd4 Nf6
8. Be2 Be7 9. O-O O-O 10. Nd2 Bd7 11. h3 Re8 12. N2f3 Na5 13. Nd2 Rc8 14.
N4b3 Ba4 15. Qb1 Nc4 16. Nxc4 dxc4 17. Nd4 Nd5 18. Bg4 Rc7 19. Nf5 Nxe3 20.
Nxe3 Bg5 21. Nf5 g6 22. Nd4 Bf6 23. Bd1 Bd7 24. Nf3 Bc6 25. Qc1 Kg7 26. Qf4
Re4 27. Qc1 Rd7 28. Nh2 Bg5 29. f4 Rd2 30. Nf3 Qb6+ 31. Kh1 Rxf4 32. Qxd2
Rxf3 0-1

[Event "Sparkassen Open A"]
[Site "Dortmund GER"]
[Date "2010.07.23"]
[Round "7"]
[White "Busche,K"]
[Black "Quast,M"]
[Result "0-1"]
[WhiteElo "2071"]
[BlackElo "2146"]
[EventDate "2010.07.17"]

1. Nf3 f5 2. c4 Nf6 3. g3 g6 4. Bg2 Bg7 5. d3 O-O 6. Nc3 d6 7. O-O e5 8. c5
Nc6 9. cxd6 cxd6 10. Ng5 Qe7 11. Qb3+ Kh8 12. Nd5 Nxd5 13. Qxd5 a6 14. Qb3
Bf6 15. Nf3 Be6 16. Qd1 Kg7 17. e3 Rac8 18. d4 Bc4 19. Re1 Nb4 20. b3 Bd5
21. Ba3 Bxf3 22. Bxf3 Nc2 23. dxe5 Bxe5 24. Rc1 Nxa3 0-1

[Event "Sparkassen Open A"]
[Site "Dortmund GER"]
[Date "2010.07.23"]
[Round "7"]
[White "Richter,Gera"]
[Black "Sundorf,Jannik"]
[Result "1/2-1/2"]
[WhiteElo "2119"]
[BlackElo "2070"]
[EventDate "2010.07.17"]

1. d4 Nf6 2. c4 e6 3. Nf3 c5 4. d5 d6 5. Nc3 exd5 6. cxd5 g6 7. e4 a6 8. a4
Bg4 9. Be2 Bxf3 10. Bxf3 Bg7 11. O-O O-O 12. Bf4 Qe7 13. a5 Nbd7 14. Qc2
Ne8 15. Rfe1 Ne5 16. Be2 Qc7 17. Bg3 g5 18. Nd1 Bf6 19. Ne3 Ng7 20. b4 Rfc8
21. Rac1 b6 22. axb6 Qxb6 23. Bxe5 Bxe5 24. Nc4 Qxb4 25. Rb1 Qc3 26. Qxc3
Bxc3 27. Rec1 Be5 28. Nb6 Re8 29. Nxa8 Rxa8 30. Bxa6 Rxa6 31. Rb8+ Ne8 32.
Rxe8+ Kg7 33. g3 Bd4 34. Rc2 g4 35. h3 h5 36. Kg2 Ra3 37. Rd8 Be5 38. Rb8
Bd4 39. Rb1 Kg6 40. Rf1 Rf3 41. hxg4 hxg4 42. Rh1 Kg5 43. Re1 Ra3 44. Rb1
Kg6 45. Rb6 Be5 46. Rxc5 Ra4 47. f4 gxf3+ 48. Kxf3 Ra3+ 49. Ke2 Rxg3 50.
Rc1 f5 51. Rxd6+ Bxd6 52. Rc6 fxe4 53. Rxd6+ Kf5 54. Rd8 Rd3 1/2-1/2

[Event "Sparkassen Open A"]
[Site "Dortmund GER"]
[Date "2010.07.23"]
[Round "7"]
[White "Guennigmann,M"]
[Black "Weber,Martin"]
[Result "1-0"]
[WhiteElo "2234"]
[BlackElo "2031"]
[EventDate "2010.07.17"]

1. e4 c5 2. Nf3 d6 3. d4 cxd4 4. Nxd4 Nf6 5. Nc3 g6 6. Be3 Bg7 7. f3 Nc6 8.
Qd2 O-O 9. Bc4 Bd7 10. Bb3 Qb8 11. O-O-O b5 12. Nxc6 Bxc6 13. Bh6 a5 14.
Bd5 b4 15. Ne2 Bxd5 16. Bxg7 Kxg7 17. exd5 Qb5 18. Rhe1 Rfc8 19. Kb1 Rc5
20. Nf4 Ra7 21. g4 Rac7 22. g5 Ne8 23. Rc1 Kg8 24. h4 Ng7 25. h5 Nxh5 26.
Rh1 Nxf4 27. Qxf4 Rxd5 28. Rxh7 f6 29. gxf6 Kxh7 30. f7 Rc8 31. f8=Q Rxf8
32. Qxf8 Rh5 33. Qxe7+ Kh6 34. Qxd6 Qd5 35. Qf8+ Kh7 36. f4 Rf5 37. Qe7+
Rf7 38. Qh4+ Qh5 39. Rh1 Rxf4 40. Qxh5+ gxh5 41. Rxh5+ Kg6 42. Rh1 a4 43.
Kc1 Kf5 44. Re1 Rc4 45. a3 b3 46. Re2 Kf4 47. Kd1 Kf3 48. cxb3 axb3 49. Rh2
Rd4+ 50. Rd2 Re4 51. Rd3+ 1-0

[Event "Sparkassen Open A"]
[Site "Dortmund GER"]
[Date "2010.07.23"]
[Round "7"]
[White "Franke,T"]
[Black "Bauschmann,C"]
[Result "1/2-1/2"]
[WhiteElo "2198"]
[BlackElo "1871"]
[EventDate "2010.07.17"]

1. c4 e6 2. g3 d5 3. Bg2 Nf6 4. Nf3 dxc4 5. Qa4+ c6 6. Qxc4 b5 7. Qc2 Bb7
8. d4 Nbd7 9. O-O Rc8 10. Nc3 Qb6 11. e4 c5 12. d5 exd5 13. exd5 Nxd5 14.
Re1+ Be7 15. Qe2 N7f6 16. Qxb5+ Bc6 17. Qxb6 axb6 18. Ne5 Ba8 19. Nb5 O-O
20. Nc4 Rfe8 21. Bg5 h6 22. Bxf6 Bxf6 23. Red1 Rcd8 24. Nbd6 Bxb2 25. Bxd5
Bxd5 26. Rab1 Bxc4 27. Nxe8 Bd4 28. Re1 Bc3 29. Rec1 Bxa2 30. Rxb6 Be5 31.
Rc6 Rxe8 32. R6xc5 Bf6 33. Rc8 1/2-1/2

[Event "Sparkassen Open A"]
[Site "Dortmund GER"]
[Date "2010.07.23"]
[Round "7"]
[White "Roehrich,S"]
[Black "Kelm,M"]
[Result "1-0"]
[WhiteElo "2142"]
[BlackElo "1951"]
[EventDate "2010.07.17"]

1. e4 e6 2. d4 d5 3. Nc3 Nc6 4. Nf3 Nf6 5. e5 Ne4 6. Bd3 Bb4 7. Bd2 Nxd2 8.
Qxd2 Bd7 9. a3 Ba5 10. O-O f6 11. Qf4 O-O 12. Qh4 f5 13. Qxd8 Raxd8 14. Ne2
h6 15. c4 dxc4 16. Bxc4 Ne7 17. Nf4 Kf7 18. h4 c6 19. Nd3 Bb6 20. Nc5 Bc8
21. Rfd1 g6 22. Kf1 Rg8 23. g3 g5 24. hxg5 hxg5 25. Ke2 Rg7 26. Ke3 Nd5+
27. Bxd5 Rxd5 28. b4 Bd8 29. Rh1 g4 30. Ne1 Bg5+ 31. Kd3 Rd8 32. Ng2 b6 33.
Nb3 Bb7 34. Rh2 Kg6 35. Kc2 Rh7 36. Rah1 Rxh2 37. Rxh2 Ba6 38. Ne3 Be2 39.
Nc1 Bf3 40. Nd3 Bd5 41. Nc4 Be7 42. Nf4+ Kg7 43. Ne3 Rc8 44. Nexd5 cxd5+
45. Kd3 Rc6 46. b5 Rc4 47. Nxe6+ Kf7 48. Nf4 Bxa3 49. Rh7+ Kg8 50. Rd7 Bb2
51. Rxd5 Rc3+ 52. Kd2 Rc4 53. Ne2 Kf7 54. Rd7+ Ke6 55. Rxa7 Rxd4+ 56. Kc2
Rb4 57. Nf4+ Rxf4 58. gxf4 Bd4 59. Kd3 Bxf2 60. Ke2 Bc5 61. Rh7 Bf8 62. Rh5
Bg7 63. Rg5 Bh8 64. Rg8 1-0

[Event "Sparkassen Open A"]
[Site "Dortmund GER"]
[Date "2010.07.23"]
[Round "7"]
[White "Fichtner,E"]
[Black "Krueger,An"]
[Result "0-1"]
[WhiteElo "1972"]
[BlackElo "2061"]
[EventDate "2010.07.17"]

1. d4 e6 2. Bf4 b6 3. e3 Bb7 4. Nf3 f5 5. Be2 Nf6 6. Nbd2 Be7 7. h3 O-O 8.
c3 Ne4 9. Nxe4 fxe4 10. Nd2 d5 11. Bg4 Qd7 12. c4 Bd6 13. cxd5 Bxd5 14.
Bxd6 cxd6 15. O-O Nc6 16. Qa4 b5 17. Qa3 Rab8 18. f3 exf3 19. e4 Bc4 20.
Nxc4 bxc4 21. d5 Nd4 22. Qe3 h5 23. Qxd4 hxg4 24. dxe6 Qxe6 25. hxg4 fxg2
26. Rxf8+ Rxf8 27. Rd1 Rf4 28. Qxd6 Qxg4 29. Qd8+ Kh7 30. Kh2 g1=Q+ 31.
Rxg1 Rf2+ 0-1

[Event "Sparkassen Open A"]
[Site "Dortmund GER"]
[Date "2010.07.23"]
[Round "7"]
[White "Wickenfeld,S"]
[Black "Grahl,Matthias"]
[Result "1/2-1/2"]
[WhiteElo "1974"]
[BlackElo "1776"]
[EventDate "2010.07.17"]

1. d4 Nf6 2. Nf3 d5 3. g3 g6 4. Bg2 Bg7 5. O-O O-O 6. b3 c5 7. Bb2 Nc6 8.
Nbd2 Ne4 9. e3 Bg4 10. h3 Nxd2 11. Qxd2 Bxf3 12. Bxf3 cxd4 13. exd4 Qb6 14.
Bxd5 Nxd4 15. c3 e6 16. Bg2 Nf5 17. Kh1 Rfd8 18. Qe2 Rd7 19. Rad1 Rad8 20.
Rxd7 Rxd7 21. Be4 Qd8 22. Qf3 Nd6 23. Bb1 Qc7 24. Qe2 Nf5 25. Bxf5 gxf5 26.
c4 Bxb2 27. Qxb2 Qd6 28. Re1 f4 29. Re4 fxg3 30. fxg3 Qd2 31. Re2 1/2-1/2

[Event "Sparkassen Open A"]
[Site "Dortmund GER"]
[Date "2010.07.23"]
[Round "7"]
[White "Mundorf,J"]
[Black "Krueger,Er"]
[Result "1-0"]
[WhiteElo "1903"]
[BlackElo "2255"]
[EventDate "2010.07.17"]

1. Nf3 Nf6 2. g3 g6 3. b3 Bg7 4. Bb2 d6 5. d4 c5 6. Bg2 O-O 7. c4 cxd4 8.
Nxd4 Qb6 9. Nc3 Nc6 10. Nc2 Be6 11. Ne3 Ng4 12. Nxg4 Bxg4 13. O-O Qa5 14.
Rc1 Qh5 15. Re1 Rab8 16. Qd5 Qxd5 17. cxd5 Nd4 18. f3 Bd7 19. e3 Nb5 20.
Ba1 Nc7 21. f4 Na6 22. Bf1 Nb4 23. e4 a5 24. a3 Na6 25. Na2 Rfc8 26. Bxg7
Kxg7 27. Bxa6 bxa6 28. Rxc8 Rxc8 29. Rc1 Rxc1+ 30. Nxc1 a4 31. Kf2 e6 32.
Ke3 exd5 33. exd5 Kf6 34. bxa4 Bxa4 35. Nd3 a5 36. Nf2 Ke7 37. Kd4 Bb3 38.
Ne4 Ba4 39. Nd2 Bd1 40. Kc4 f5 41. Kb5 a4 42. Kc6 Bb3 43. Nb1 h6 44. Nc3 g5
45. Nb5 gxf4 46. gxf4 Bc2 47. Nxd6 Bd3 48. Kc7 1-0

[Event "Sparkassen Open A"]
[Site "Dortmund GER"]
[Date "2010.07.23"]
[Round "7"]
[White "Wiebe,P"]
[Black "Gaul,A"]
[Result "1-0"]
[WhiteElo "2248"]
[BlackElo "1852"]
[EventDate "2010.07.17"]

1. c4 Nf6 2. g3 c6 3. Bg2 d5 4. Nf3 g6 5. b3 Bg7 6. Bb2 dxc4 7. bxc4 Qb6 8.
Qb3 Be6 9. O-O Nbd7 10. d3 O-O 11. Nbd2 Qa5 12. Bc3 Qc7 13. Rab1 Rab8 14.
Qa3 b5 15. Nd4 Bg4 16. Nxc6 Rb6 17. cxb5 Bxe2 18. Rfe1 Bxd3 19. Bxf6 Bxb1
20. Nxe7+ Kh8 21. Bxg7+ Kxg7 22. Rxb1 Nf6 23. Nc6 Re8 24. Qc3 Qc8 25. a4
Qf5 26. Rf1 a6 27. a5 Rxb5 28. Nd4 1-0

[Event "Sparkassen Open A"]
[Site "Dortmund GER"]
[Date "2010.07.23"]
[Round "7"]
[White "Hecht,C"]
[Black "Schuelke,T"]
[Result "1/2-1/2"]
[WhiteElo "1773"]
[BlackElo "2053"]
[EventDate "2010.07.17"]

1. e4 d6 2. d4 g6 3. c4 Bg7 4. Nc3 Nf6 5. Nf3 c6 6. Be2 a6 7. a4 a5 8. h3
O-O 9. Be3 Na6 10. Qd2 Nb4 11. O-O d5 12. cxd5 cxd5 13. e5 Ne8 14. Na2 Nxa2
15. Rxa2 Nc7 16. b4 axb4 17. Qxb4 Na6 18. Qb3 h6 19. Bd3 Nb8 20. Qc2 Nc6
21. Qd2 Qa5 22. Bxh6 Nb4 23. Bxg7 Kxg7 24. Ra3 Nxd3 25. Qxd3 b5 26. Rfa1
bxa4 27. Rxa4 Qxa4 28. Rxa4 Rxa4 29. Qb5 Ra1+ 30. Kh2 Ra7 31. Qxd5 Bf5 32.
Qc5 Rd7 33. Qc1 Rfd8 34. Qf4 f6 35. Kg3 Bc2 36. exf6+ exf6 37. Qd2 Bb3 38.
Qe3 Bd5 39. Ne1 Rb8 40. Kh2 Rb3 41. Qe8 Rdb7 42. Qd8 Be4 43. Qe8 Bf5 44.
Nf3 g5 45. Qc6 R3b6 46. Qd5 Be6 47. Qe4 Rd7 48. Kg1 Rbd6 49. Qe3 Bd5 50.
Nd2 Re6 51. Qd3 Re1+ 52. Kh2 Rde7 53. Nf1 Be4 54. Qc4 Ra1 55. Ne3 Raa7 56.
d5 Rad7 57. Qc5 Kf7 58. Qc6 f5 59. Qh6 f4 60. d6 Re6 61. Qxg5 fxe3 62. Qxe3
Rdxd6 63. Qf4+ Ke8 64. Qg5 Kd7 65. Qg7+ Re7 66. Qg4+ Kc7 67. Qg5 Kd7 68.
Qg4+ Rde6 69. Qd1+ Ke8 70. Qh5+ Bg6 71. Qh8+ Kf7 72. Qd4 Rf6 73. Qd5+ Kg7
74. f3 Re2 75. Qd7+ Kh6 76. Qg4 Rf5 77. Qh4+ Kg7 78. Qd4+ Rf6 79. Qd7+ Kh6
80. Qg4 Re5 81. Qh4+ Kg7 82. Qd4 Re7 83. Qc5 Rd7 84. Qb5 Bf5 85. Qc4 Rfd6
86. Qh4 Rg6 87. Qf4 Rf7 88. Qe5+ Kh7 89. Qd4 1/2-1/2

[Event "Sparkassen Open A"]
[Site "Dortmund GER"]
[Date "2010.07.23"]
[Round "7"]
[White "Carrasco,Pau"]
[Black "Glahn,Michael"]
[Result "1-0"]
[WhiteElo "2038"]
[BlackElo "1826"]
[EventDate "2010.07.17"]

1. d4 Nf6 2. c4 e6 3. Nf3 b6 4. g3 Bb7 5. Bg2 Be7 6. Nc3 c5 7. d5 d6 8.
dxe6 fxe6 9. Bh3 e5 10. O-O Bc8 11. Bg2 Bb7 12. Bg5 O-O 13. Qd2 Nbd7 14.
Rad1 h6 15. Bxf6 Nxf6 16. Nh4 Bxg2 17. Kxg2 Rf7 18. Ng6 Ne8 19. Qd5 Rc8 20.
Nb5 Nc7 21. Nxe7+ Qxe7 22. Nxc7 Rxc7 23. Qxd6 Qg5 24. Qd8+ Qxd8 25. Rxd8+
Kh7 26. Rfd1 Rce7 27. e4 Kg6 28. R8d6+ Kh7 29. R1d5 Rf6 30. Rd7 Rfe6 31.
Rxe7 Rxe7 32. Kf3 g5 33. h3 Kg6 34. Rd6+ Kg7 35. Ke3 Kh7 36. b3 h5 37. f4
exf4+ 38. gxf4 g4 39. hxg4 hxg4 40. e5 Rg7 41. Rd2 Kg6 42. Ke4 g3 43. Kf3
Kh5 44. Rd8 g2 45. Rh8+ Kg6 46. Kxg2 Kf5+ 47. Kf3 Rg1 48. Rh5+ Ke6 49. Rh6+
Kd7 50. Rh7+ Kc6 51. Rxa7 Rc1 52. f5 1-0

[Event "Sparkassen Open A"]
[Site "Dortmund GER"]
[Date "2010.07.23"]
[Round "7"]
[White "Lienau,H"]
[Black "Carmesin,M"]
[Result "1/2-1/2"]
[WhiteElo "1763"]
[BlackElo "1859"]
[EventDate "2010.07.17"]

1. e4 c5 2. Nf3 d6 3. d4 cxd4 4. Nxd4 Nf6 5. Nc3 g6 6. Be3 Bg7 7. f3 O-O 8.
Bc4 Nc6 9. Qd2 Bd7 10. O-O-O Ne5 11. Bb3 Rc8 12. Kb1 1/2-1/2

[Event "Sparkassen Open A"]
[Site "Dortmund GER"]
[Date "2010.07.23"]
[Round "7"]
[White "Lauche,Christoph"]
[Black "Deinert,W"]
[Result "0-1"]
[WhiteElo "1918"]
[BlackElo "1844"]
[EventDate "2010.07.17"]

1. e4 e6 2. d4 d5 3. e5 c5 4. b4 cxd4 5. a3 Nc6 6. f4 Qc7 7. Nf3 Nh6 8. Bd3
Be7 9. O-O Nf5 10. Bxf5 exf5 11. Bb2 Be6 12. Nxd4 O-O 13. Nd2 Rac8 14. N2f3
a6 15. Qd3 Qb6 16. Kh1 Nxd4 17. Nxd4 g6 18. g4 fxg4 19. f5 gxf5 20. Rxf5
Bxf5 21. Nxf5 Bg5 22. Rg1 h5 23. Nd6 Qf2 24. Nxc8 Rxc8 25. e6 Rxc2 26.
exf7+ Kf8 27. Bg7+ Kxg7 28. f8=Q+ Kxf8 29. Rf1 Rc1 30. Rxc1 Bxc1 0-1

[Event "Sparkassen Open A"]
[Site "Dortmund GER"]
[Date "2010.07.24"]
[Round "8"]
[White "Nalbandian,T"]
[Black "Bluebaum,M"]
[Result "1/2-1/2"]
[WhiteElo "2453"]
[BlackElo "2098"]
[EventDate "2010.07.17"]

1. Nf3 Nf6 2. g3 d5 3. Bg2 c6 4. O-O Bg4 5. d3 Nbd7 6. Nbd2 e5 7. e4 Bd6 8.
h3 Bh5 9. Qe1 O-O 10. Nh4 Re8 11. Nf5 Bf8 12. Nb3 Qc7 13. Bg5 h6 14. Be3
Rad8 15. c4 dxc4 16. dxc4 c5 17. Qc3 Bg6 18. Rae1 b6 19. Bc1 Nb8 20. Qf3
Qc6 21. g4 Qe6 22. h4 h5 23. gxh5 Nxh5 24. Bh3 Qxc4 25. Bg4 Nf6 26. Bg5 Rd3
27. Re3 Rxe3 28. Nxe3 Qxe4 29. Bxf6 Qxf3 30. Bxf3 gxf6 31. Rd1 Be7 32. h5
Bh7 33. Kh2 f5 34. Nd2 e4 35. Be2 Nc6 36. Bb5 Rc8 37. Bxc6 Rxc6 38. Ndc4
Rh6 39. Rd7 Rxh5+ 40. Kg2 Bf6 41. Nd5 Bd4 42. f4 Rh4 43. Rxa7 Bg6 44. Nd6
Rg4+ 45. Kh3 Rg1 46. Ne7+ Kg7 47. Nxg6 Kxg6 48. Rxf7 e3 49. Re7 Kf6 50. Re8
Rg4 51. Nc4 Rxf4 52. Nxb6 Re4 53. Nd5+ Kf7 54. Rxe4 1/2-1/2

[Event "Sparkassen Open A"]
[Site "Dortmund GER"]
[Date "2010.07.24"]
[Round "8"]
[White "Carlstedt,J"]
[Black "Tkachuk,K"]
[Result "1-0"]
[WhiteElo "2379"]
[BlackElo "2181"]
[EventDate "2010.07.17"]

1. c4 g6 2. g3 Bg7 3. Bg2 d6 4. Nc3 e5 5. d3 f5 6. e3 Nf6 7. Nge2 O-O 8.
O-O c6 9. f4 Be6 10. b3 Qc7 11. Qd2 Nbd7 12. Ba3 Rfe8 13. Rac1 Bf7 14. h3
a6 15. Kh2 Rad8 16. Ng1 Qb8 17. Nf3 b5 18. Ne2 c5 19. Ng5 b4 20. Bb2 Re7
21. e4 Bh6 22. exf5 gxf5 23. fxe5 dxe5 24. Rxf5 Bg6 25. Rff1 Qd6 26. Rcd1
Nf8 27. Bc1 e4 28. dxe4 Qxd2 29. Rxd2 Rxd2 30. Bxd2 Nxe4 31. Bxe4 Bxe4 32.
Nxe4 Bxd2 33. Nf6+ Kg7 34. Nf4 Bxf4 35. Nh5+ Kh6 36. Nxf4 Ng6 37. Nd3 Re3
38. Nxc5 Re2+ 39. Kg1 Rxa2 40. Rf2 Ra1+ 41. Kg2 a5 42. Kf3 a4 43. Nxa4 Ne5+
44. Ke4 Nxc4 45. Nc5 Na5 46. Rf6+ Kg5 47. Rb6 Re1+ 48. Kf3 Rf1+ 49. Ke2 Rh1
50. Rb5 Nc6 51. Nd3+ Kf6 52. Rb6 1-0

[Event "Sparkassen Open A"]
[Site "Dortmund GER"]
[Date "2010.07.24"]
[Round "8"]
[White "Kartsev,A2"]
[Black "Savchenko,Alek"]
[Result "1-0"]
[WhiteElo "2145"]
[BlackElo "2275"]
[EventDate "2010.07.17"]

1. e4 e5 2. Nf3 Nf6 3. Nxe5 d6 4. Nf3 Nxe4 5. d4 d5 6. Bd3 Nc6 7. O-O Be7
8. c4 Nf6 9. h3 O-O 10. Nc3 Nb4 11. Be2 dxc4 12. Bxc4 c6 13. Re1 Nbd5 14.
Bb3 Re8 15. Bg5 Be6 16. Rc1 Nxc3 17. bxc3 Nd5 18. Bxe7 Rxe7 19. Ng5 Bf5 20.
Qd2 Rxe1+ 21. Rxe1 h6 22. Nf3 Be6 23. c4 Nb6 24. Qd3 Qf6 25. Ne5 Rd8 26.
Re3 Qf5 27. Re4 Nd7 28. Nxd7 Rxd7 29. d5 cxd5 30. cxd5 Rd6 31. Qe2 Rxd5 32.
Bxd5 Qxd5 33. a3 a6 34. Re5 Qc6 35. Kh2 b5 36. f4 g6 37. g4 Qc1 38. Qe3 Kg7
39. Qxc1 1-0

[Event "Sparkassen Open A"]
[Site "Dortmund GER"]
[Date "2010.07.24"]
[Round "8"]
[White "Kuznetsov,Mar"]
[Black "Liedtke,D"]
[Result "1/2-1/2"]
[WhiteElo "2085"]
[BlackElo "2191"]
[EventDate "2010.07.17"]

1. d4 Nf6 2. c4 g6 3. Nc3 Bg7 4. e4 O-O 5. Nf3 c6 6. Bd3 d6 7. h3 Na6 8.
O-O e5 9. dxe5 dxe5 10. Nxe5 Nxe4 11. Nxe4 Bxe5 12. Bg5 f6 13. Bh6 Re8 14.
c5 Be6 15. a3 Qd5 16. Qc2 f5 17. Nd6 Nxc5 18. Nxe8 Nxd3 19. Rad1 Rxe8 20.
Rxd3 Qe4 21. Qd2 Bc4 22. Rd8 Bh2+ 23. Kxh2 Bxf1 24. Rxe8+ Qxe8 25. Qd4 Qe7
26. Qxa7 Kf7 27. Qd4 Qf6 28. Qd1 Bc4 29. Qd7+ Qe7 30. Qd4 Bd5 31. Qh8 Ke6
32. Bf4 Kd7 33. Bb8 Ke6 34. b4 b5 35. Qe5+ 1/2-1/2

[Event "Sparkassen Open A"]
[Site "Dortmund GER"]
[Date "2010.07.24"]
[Round "8"]
[White "Harff,M"]
[Black "Bouaraba,M"]
[Result "1/2-1/2"]
[WhiteElo "2168"]
[BlackElo "2224"]
[EventDate "2010.07.17"]

1. e4 c5 2. Nc3 Nc6 3. g3 g6 4. Bg2 Bg7 5. Nge2 e6 6. d3 Nge7 7. Be3 Nd4 8.
Qd2 O-O 9. O-O d6 10. Nd1 Rb8 11. c3 Nxe2+ 12. Qxe2 b5 13. d4 cxd4 14. Bxd4
Bxd4 15. cxd4 Nc6 16. d5 Nd4 17. Qd2 e5 18. Ne3 Qb6 19. Nc2 Nxc2 20. Qxc2
Bg4 21. Rfc1 Rbc8 22. Qd2 Rfd8 1/2-1/2

[Event "Sparkassen Open A"]
[Site "Dortmund GER"]
[Date "2010.07.24"]
[Round "8"]
[White "Mazarov,J"]
[Black "Boehm,Ju2"]
[Result "0-1"]
[WhiteElo "2167"]
[BlackElo "2214"]
[EventDate "2010.07.17"]

1. e4 e6 2. d4 d5 3. Nd2 Nf6 4. e5 Nfd7 5. f4 c5 6. c3 Nc6 7. Ndf3 cxd4 8.
cxd4 Qb6 9. h4 Bb4+ 10. Kf2 f6 11. Kg3 O-O 12. Nh3 Qc7 13. Bd3 Be7 14. Nhg5
fxg5 15. Bxh7+ Kxh7 16. hxg5+ Kg8 17. g6 Rf5 18. Rh8+ Kxh8 19. Qh1+ Bh4+
20. Qxh4+ Kg8 21. Qh7+ Kf8 22. Qh8+ Ke7 23. Qxg7+ Ke8 24. Bd2 Ne7 25. Rh1
Rf8 26. Kg4 Qc2 27. Rh6 Qf5+ 28. Kg3 Rg8 29. Rh8 Qf8 30. Rxg8 Nf5+ 31. Kg4
Nxg7 0-1

[Event "Sparkassen Open A"]
[Site "Dortmund GER"]
[Date "2010.07.24"]
[Round "8"]
[White "Kartsev,So"]
[Black "Quast,M"]
[Result "0-1"]
[WhiteElo "2202"]
[BlackElo "2146"]
[EventDate "2010.07.17"]

1. d4 f5 2. g3 Nf6 3. Bg2 g6 4. Nh3 Bg7 5. d5 O-O 6. c4 d6 7. Nf4 c6 8. h4
e5 9. dxe6 Qe7 10. h5 Nxh5 11. Nxh5 gxh5 12. Nc3 Bxe6 13. Bf4 Rd8 14. Rxh5
Qf7 15. e4 Nd7 16. Rg5 Kh8 17. Bxd6 Nf6 18. c5 Bh6 19. Rxf5 Bxf5 20. exf5
Qc4 21. Ne2 Re8 22. Kf1 Rad8 23. b3 Qa6 24. Bf3 Bg7 25. Rc1 Ne4 26. Rc4
Nxd6 27. cxd6 Be5 28. Kg2 Rxd6 29. Qc2 Qa5 30. Re4 Qd8 31. Bh5 Re7 32. Qc5
b6 33. Qe3 Bf6 34. Nf4 Rxe4 35. Qxe4 Qd7 36. Ne6 Rd2 37. Bf3 Rxa2 38. Qb4
c5 39. Qe4 Rd2 40. g4 h6 41. Qf4 Bg5 42. Qe5+ Kg8 43. Nxg5 hxg5 44. f6 Kf8
45. Qxg5 Rd4 46. Qh6+ Kg8 47. Qg6+ Kf8 48. g5 Rh4 49. Kg1 Qh7 50. Qxh7 Rxh7
51. Bd5 Rh5 52. f4 Rh4 53. Kg2 Rxf4 54. Be6 Re4 55. Bc4 Rg4+ 56. Kf3 Rxg5
57. Kf4 Rg1 58. Ke5 Rd1 59. Bd5 Rd4 60. Kd6 Rb4 61. Kc6 a5 62. Be6 c4 63.
bxc4 a4 64. c5 bxc5 65. Kxc5 Rf4 66. f7 a3 67. Bb3 Rf2 0-1

[Event "Sparkassen Open A"]
[Site "Dortmund GER"]
[Date "2010.07.24"]
[Round "8"]
[White "Naundorf,M"]
[Black "Frombach,R"]
[Result "0-1"]
[WhiteElo "2127"]
[BlackElo "2224"]
[EventDate "2010.07.17"]

1. c4 Nf6 2. g3 g6 3. Bg2 Bg7 4. Nc3 O-O 5. e4 d6 6. Nge2 Nc6 7. d3 Rb8 8.
O-O a6 9. a4 Nb4 10. h3 c6 11. Be3 b5 12. axb5 axb5 13. cxb5 cxb5 14. Qd2
Nd7 15. Na2 Nxa2 16. Rxa2 Nc5 17. d4 Be6 18. d5 Bd7 19. b4 Na4 20. Bd4 f6
21. Qe3 Qc8 22. Rc1 Qb7 23. Rac2 Rfc8 24. h4 Rxc2 25. Rxc2 Rc8 26. Qc1 Rxc2
27. Qxc2 Nb6 28. Kh2 Nc4 29. Nf4 f5 30. Bxg7 Kxg7 31. Qc3+ Kg8 32. exf5
Bxf5 33. Ne6 Ne5 34. f4 Ng4+ 35. Kh1 Bxe6 36. dxe6 Qa7 37. Qc8+ Kg7 38.
Qc3+ Kh6 39. Bf3 Qe3 40. Qxe3 Nxe3 41. Bc6 Nc2 42. Bxb5 Nxb4 43. Kg2 Kg7
44. g4 Kf6 45. Bd7 Nd3 46. Kf3 Nc5 47. f5 gxf5 48. g5+ Ke5 49. h5 Nxe6 50.
Bxe6 Kxe6 51. g6 Kf6 0-1

[Event "Sparkassen Open A"]
[Site "Dortmund GER"]
[Date "2010.07.24"]
[Round "8"]
[White "Bach,Mat"]
[Black "Strathoff,J"]
[Result "1-0"]
[WhiteElo "2303"]
[BlackElo "2080"]
[EventDate "2010.07.17"]

1. f4 d5 2. Nf3 g6 3. e3 Bg7 4. c4 e6 5. Qc2 Nf6 6. b4 O-O 7. Bb2 a5 8. b5
Nbd7 9. c5 b6 10. c6 Nc5 11. Be2 e5 12. Nxe5 Bf5 13. Qc1 Ng4 14. O-O Bxe5
15. fxe5 Qh4 16. h3 Nh6 17. Rf4 Qg3 18. Rf3 Qg5 19. Qf1 Be4 20. Rf4 Ne6 21.
d3 Nf5 22. dxe4 Nxe3 23. Rg4 Nxg4 24. Bxg4 dxe4 25. Qf6 Qe3+ 26. Qf2 Qd3
27. Qe2 Rad8 28. Qxd3 exd3 29. Nd2 Nc5 30. Ba3 Rd5 31. Rc1 Rxe5 32. Bxc5
bxc5 33. Bd7 Rb8 34. a4 Re2 35. Rd1 f5 36. Nc4 Re7 37. Rxd3 Kf8 38. b6 cxb6
39. c7 1-0

[Event "Sparkassen Open A"]
[Site "Dortmund GER"]
[Date "2010.07.24"]
[Round "8"]
[White "Steinmetzer,T"]
[Black "Guennigmann,M"]
[Result "0-1"]
[WhiteElo "2114"]
[BlackElo "2234"]
[EventDate "2010.07.17"]

1. e4 e5 2. Nf3 Nc6 3. Bb5 a6 4. Ba4 Nf6 5. O-O Bc5 6. c3 b5 7. Bb3 d6 8.
h3 O-O 9. d4 Bb6 10. Be3 Rb8 11. a4 h6 12. Qd3 Re8 13. axb5 axb5 14. d5
Bxe3 15. fxe3 Ne7 16. Nh4 Nd7 17. Ba2 Nc5 18. Qc2 b4 19. Bc4 Bd7 20. b3 Rf8
21. Nf5 Nxf5 22. exf5 Qg5 23. Qf2 Ne4 24. Qf3 Ng3 25. Re1 Nxf5 26. Kh2 Ra8
27. Nd2 Rxa1 28. Rxa1 bxc3 29. Ne4 Qxe3 30. Qxe3 Nxe3 31. Nxc3 Nxc4 32.
bxc4 Rc8 33. Ra7 Kf8 34. g4 Ke7 35. Kg3 f5 36. gxf5 Bxf5 37. Na4 Bd7 38.
Nc5 Rb8 39. Ne4 Kd8 40. c5 Rb3+ 41. Kf2 dxc5 42. Nxc5 Rb5 0-1